| 000 | 00862nam a2200253Ia 4500 | ||
|---|---|---|---|
| 003 | OSt | ||
| 005 | 20220927103109.0 | ||
| 006 | a|||||r|||| 00| 0 | ||
| 007 | ta | ||
| 008 | 220926b |||||||| |||| 00| 0 eng d | ||
| 024 | _a42421 | ||
| 037 | _cReference Collections | ||
| 040 |
_aRTL _cRTL _beng |
||
| 041 |
_2eng _aeng |
||
| 082 | _a"X:770aW:28.1(X).N7, L5/UN" | ||
| 110 | _a"United Nations, Economic and Social Affairs (Deptt of -)" | ||
| 245 | 0 |
_aDevelopment adminstration _b Current approaches and trends in public administration for national development |
|
| 260 |
_aNew _bYork UN _c1975 |
||
| 300 |
_aiii; 189p. _ccm. |
||
| 650 | _aEconomic Development | ||
| 700 | _a"United Nations, Economic and Social Affairs (Deptt of -)" | ||
| 942 |
_h"X:770aW:28.1(X).N7, L5/UN" _cCC |
||
| 999 |
_c680492 _d680492 |
||